|
|
|
|
| LEADER |
01097nam a2200265 a 4500 |
| 001 |
14919 |
| 003 |
BD-DhAAL |
| 008 |
090714s1994 bg 000 0 eng d |
| 999 |
|
|
|c 2451
|d 2451
|
| 010 |
|
|
|a 94904689
|
| 020 |
|
|
|a 9840512463
|
| 040 |
|
|
|a DLC
|c DLC
|d DLC
|d BD-DhAAL
|
| 082 |
0 |
0 |
|a 821.914
|2 20
|
| 100 |
1 |
|
|a Radice, William,
|d 1951-
|9 45836
|
| 245 |
1 |
4 |
|a The retreat :
|b poems, 1984-88 /
|c William Radice.
|
| 260 |
|
|
|a Dhaka :
|b University Press,
|c 1994.
|
| 300 |
|
|
|a viii, 81 pages ;
|c 22 cm.
|
| 526 |
|
|
|a BIED
|
| 541 |
1 |
|
|e 14919, 37731
|a Complimentary copy from BIED
|
| 650 |
|
0 |
|a Bengali poetry
|x Translations into English.
|9 45837
|
| 650 |
|
0 |
|a Meditation
|x Poetry.
|9 45838
|
| 852 |
4 |
|
|a Ayesha Abed Library
|c General Stacks
|
| 942 |
|
|
|2 ddc
|c BK
|
| 952 |
|
|
|0 0
|1 0
|2 ddc
|4 0
|6 821_914000000000000_RAD
|7 0
|9 2264
|a BRACUL
|b BRACUL
|c GEN
|d 2009-07-15
|g 120.00
|l 0
|o 821.914 RAD
|p 3010014919
|r 2009-07-15
|t 1
|w 2009-07-15
|y BK
|
| 952 |
|
|
|0 0
|1 0
|2 ddc
|4 0
|6 821_914000000000000_RAD
|7 0
|9 69815
|a BRACUL
|b BRACUL
|c GEN
|d 2022-02-16
|l 0
|o 821.914 RAD
|p 3010037731
|r 2022-02-16
|t 1
|w 2022-02-16
|y BK
|x Transferred from BIED to General Stacks
|